00314 a2200109 4500001001000000005001700010008004100027245002600068100001800094700002500112773006700137ART_4890720260410162007.0260409a 10aAcceso a medicamentos1 aFlah, Lily R.1 aBrandolini, Andrés0 tTemas de derecho civilg- Año 5, N° 4 (abr. 2019)wREV34778